| 000 | 02079nam a2200445 a 4500 | ||
|---|---|---|---|
| 999 |
_c90278 _d90278 |
||
| 003 | BLK | ||
| 005 | 20240319095617.0 | ||
| 008 | 180408b bul|||||r ||||||| ||bul|| | ||
| 010 | _aKNG00095017000 | ||
| 040 | _aBLK | ||
| 041 |
_aBUL _cBUL |
||
| 072 | 7 |
_2bullib _aЛ05 _xДруги методи |
|
| 080 |
_aФизикални средства. Лечение с природни средства _b615.83 _x(430)(035) _z615.83(430)(035) |
||
| 080 |
_aНародна медицина. Лечение с домашни средства _b615.89 _x(430)(035) _z615.89(430)(035) |
||
| 100 | 1 |
_aКуне, Луи _eпърви автор _9245869 |
|
| 139 |
_aКуне, Луи _bК 93 |
||
| 245 | 1 | 0 |
_aНова лечебна наука или Учение за единния произход на болестите и тяхното лекуване без лекарства и операции _cЛуи Куне; прев. от нем. Ангел Ангелов. |
| 250 | _a3. изд. | ||
| 257 | _aDEU | ||
| 260 |
_aВелико Търново _bСириус-4 _c1993 _fРусе : Дунав прес |
||
| 300 |
_a208 с. _bс ил. _c24 см |
||
| 380 | _a61 | ||
| 500 | _a1. изд. 1926 на изд. Ив. Куюмджиев и сие ; В кн. означено 2. изд. - Офс. изд. | ||
| 650 | 4 |
_aНародна медицина - Германия - наръчници и ръководства _9250478 |
|
| 651 | 4 |
_aГермания _9178754 |
|
| 653 | _aприродолечение | ||
| 653 | _aнародна медицина | ||
| 653 | _aнаръчници | ||
| 653 | _aръководства | ||
| 653 | _aводолечение | ||
| 659 | _aЛ | ||
| 700 |
_aАнгелов, Ангел _cАктьор в Русенския драматичен театър; пантомимист _9241859 |
||
| 852 |
_aЦб 172446 _bЦб |
||
| 856 | 4 |
_qpdf _i0.00 _ldisable |
|
| 856 | 4 |
_qpdf _i0.00 _ldisable |
|
| 942 |
_cKNG _n0 _s1 |
||
| 944 |
_aCR _c30.03.2010 _lМоника Янева _k30570 |
||
| 944 |
_aED _c12.11.2011 _lф / |
||
| 999 | _d90278 | ||